00414as aa2200109a 44500090002000000245002500020260006000045041001400105942001200119999001700131952015600148 aSERIADASb0076910aBosques y Desarrollo bOrganización Internacional de Maderas Tropicalesa1740 aEspañol cREVISTA c16770d16770 001040708HEMEROTECAA1999C20-21aVillabVillad2001-03-13eOIMTl0oSERIADAS 00769p006282r2015-03-25 00:00:00t1w2015-03-25xDonaciónyREVISTA